|
|
|
|
| LEADER |
00000naa2a2200000 4500 |
| 001 |
138064 |
| 005 |
20231031141259.0 |
| 035 |
|
|
|a (RuTPU)RU\TPU\book\149611
|
| 090 |
|
|
|a 138064
|
| 100 |
|
|
|a 20080520d2005 k y0rusy50 ca
|
| 101 |
0 |
|
|a rus
|
| 102 |
|
|
|a RU
|
| 200 |
1 |
|
|a Реализация модулей MS AXAPTA на ООО ПО "Юрмаш"
|f Е. Б. Долгун
|g науч. рук. Т. Ю. Чернышёва
|
| 463 |
|
0 |
|0 (RuTPU)RU\TPU\book\118412
|t Труды IX научно-практической конференции студентов и учащейся молодежи г. Юрги, 7-9 апреля 2005 года
|f Юргинский технологический институт (филиал); Томский политехнический университет; под ред. О. Ю. Ретюнского
|v С. 9-11
|d 2005
|p 56 с.
|
| 610 |
1 |
|
|a модули
|
| 610 |
1 |
|
|a Юрмаш
|
| 610 |
1 |
|
|a КИС
|
| 610 |
1 |
|
|a информационные системы
|
| 610 |
1 |
|
|a корпоративные информационные системы
|
| 610 |
1 |
|
|a автоматизация
|
| 610 |
1 |
|
|a предприятия
|
| 610 |
1 |
|
|a труды учёных ТПУ
|
| 700 |
|
1 |
|a Долгун
|b Е. Б.
|
| 702 |
|
1 |
|a Чернышёва
|b Т. Ю.
|4 727
|
| 801 |
|
1 |
|a RU
|b 63413507
|c 20080520
|g PSBO
|
| 942 |
|
|
|c BK
|